Loading...
| Science - Chemistry | 0 | 11 | 1 | 0 | 105 | 98 | 114.82 | 0 | 1 | 0.00 | 0.00 |
| Science - Biology | 0 | 6 | 2 | 0 | 50 | 67 | 96.33 | 0 | 2 | 0.00 | 0.00 |
| Science - Other | 0 | 5 | 2 | 0 | 40 | 81 | 104.20 | 0 | 1 | 0.00 | 0.00 |
| Geography | 0 | 3 | 0 | 0 | 30 | 94 | 114.00 | 0 | 0 | 0.00 | 0.00 |
| Science - Physics | 0 | 3 | 1 | 0 | 25 | 89 | 107.67 | 0 | 0 | 0.00 | 0.00 |
| History - European | 0 | 2 | 0 | 0 | 20 | 131 | 135.00 | 0 | 0 | 0.00 | 0.00 |
| Religion | 0 | 2 | 0 | 0 | 20 | 114 | 124.00 | 0 | 0 | 0.00 | 0.00 |
| History - World | 0 | 2 | 0 | 0 | 20 | 122 | 130.50 | 0 | 0 | 0.00 | 0.00 |
| History - Other | 0 | 2 | 0 | 1 | 20 | 126 | 131.00 | 0 | 0 | 0.00 | 0.00 |
| Current Events | 0 | 1 | 0 | 0 | 10 | 124 | 124.00 | 0 | 0 | 0.00 | 0.00 |
| Fine Arts - Other | 0 | 1 | 0 | 0 | 10 | 145 | 145.00 | 0 | 0 | 0.00 | 0.00 |
| History - American | 0 | 1 | 0 | 0 | 10 | 111 | 111.00 | 0 | 0 | 0.00 | 0.00 |
| Mythology | 0 | 1 | 0 | 0 | 10 | 142 | 142.00 | 0 | 0 | 0.00 | 0.00 |
| Other Academic | 0 | 1 | 0 | 0 | 10 | 127 | 127.00 | 0 | 0 | 0.00 | 0.00 |
| Philosophy | 0 | 1 | 0 | 0 | 10 | 138 | 138.00 | 0 | 0 | 0.00 | 0.00 |
| Social Science | 0 | 1 | 1 | 0 | 5 | 115 | 115.00 | 0 | 0 | 0.00 | 0.00 |